[Event "1st Barreau de Paris 2019"]
[Site "Paris"]
[Date "2019.12.18"]
[Round "1.1"]
[White "David, Alberto"]
[Black "Fedorchuk, Sergey A."]
[Result "1/2-1/2"]
[WhiteElo "2545"]
[BlackElo "2636"]
[Annotator "TA"]
[PlyCount "39"]
[EventDate "2019.12.16"]
[EventType "tourn"]
[EventCountry "FRA"]
[SourceTitle "playchess.com"]
[Source "ChessBase"]
[SourceQuality "1"]

{[%evp 9,39,-10,14,16,18,6,11,16,12,9,26,24,33,19,43,29,32,22,28,23,37,38,45,14,14,14,8,9,8,11,11,22]} 1. e4 c5 2. Nf3 e6 3. c3 d5 4. e5 d4 5. g3 dxc3 (5... Bd7 6. cxd4 Bc6 7. dxc5 Bxc5 8. Bg2 Ne7 9. O-O Nf5 10. Nc3 O-O 11. b3 Na6 12. a3 Nc7 {½-½ (36) Motylev,A (2651)-Grachev,B (2621) Moscow 2019}) 6. dxc3 {B40: Sicilian: 2...e6, Unusual lines} Qxd1+ 7. Kxd1 Bd7 8. Bd3 $146 ({Predecessor:} 8. a4 Bc6 9. Bb5 Ne7 10. Ng5 Nd7 11. Bxc6 Nxc6 12. f4 Be7 {0-1 (28) Afek,Y (2330)-Mokry,K (2476) Dieren 2000}) 8... Bc6 9. Nbd2 Nd7 10. Be4 Ne7 11. Re1 Nb6 12. c4 Rd8 13. Ke2 Bxe4 14. Nxe4 Nc6 15. b3 Be7 16. Be3 Nd7 {The position is equal.} 17. Rad1 b6 18. Bf4 h6 19. h4 Ndb8 20. Rxd8+ {Accuracy: White = 61%, Black = 63%.} 1/2-1/2

[Event "1st Barreau de Paris 2019"]
[Site "Paris"]
[Date "2019.12.18"]
[Round "1.2"]
[White "Lamard, Guillaume"]
[Black "Rakotomaharo, Fy Antenaina"]
[Result "1-0"]
[WhiteElo "2452"]
[BlackElo "2438"]
[Annotator "TA"]
[PlyCount "71"]
[EventDate "2019.12.16"]
[EventType "tourn"]
[EventCountry "FRA"]
[SourceTitle "playchess.com"]
[Source "ChessBase"]
[SourceQuality "1"]

{[%evp 11,71,33,48,25,17,0,0,0,0,0,21,25,18,31,15,12,10,8,29,30,92,95,96,89,214,214,214,212,206,207,210,206,252,270,410,394,389,404,398,395,382,339,616,616,596,379,381,0,573,394,564,562,1124,1114,1096,1095,1006,804,789,782,29990,707]} 1. Nf3 d5 2. d4 Nf6 3. c4 e6 4. g3 dxc4 5. Bg2 Nbd7 6. O-O Rb8 7. Qc2 {E04: Open Catalan: 5 Nf3} (7. Nc3 Be7 8. Qa4 a6 9. Qxc4 b5 10. Qd3 Bb7 11. Bf4 O-O 12. Rfd1 Rc8 13. Ne5 Bxg2 14. Kxg2 c5 {0-1 (71) Ghosh,D (2550)-Adly,A (2598) Al Ain 2015}) 7... b5 8. b3 Bb7 9. bxc4 {The position is equal.} bxc4 $146 {Strongly threatening ...Be4.} ({Predecessor:} 9... Be4 10. Qd1 bxc4 11. Nbd2 Bd5 12. Qc2 Bb4 13. e4 Ba8 14. e5 Nd5 15. Nxc4 {0-1 (45) Rigo,Z (2379)-Leniart,A (2481) Slovakia 2014}) 10. Nbd2 c5 11. Nxc4 Be4 12. Qd1 Be7 13. dxc5 {next Bf4 is good for White.} O-O 14. Bf4 Rb4 15. Rc1 Nxc5 (15... Bxc5 $11 {remains equal.} 16. a3 Rb5) 16. Qxd8 $16 Rxd8 17. Nfe5 $1 Ra4 (17... Bxg2 $16 18. Kxg2 Rc8) 18. Bxe4 $18 Ncxe4 19. Nc6 $1 {[%csl LRd8,LRe7][%mdl 64] Double Attack} Re8 20. Nxe7+ Rxe7 21. f3 $1 Rxa2 22. fxe4 Nxe4 (22... Rxe2 {was worth a try.} 23. Bg5 h6) 23. Nd6 Nxd6 24. Bxd6 {Rc8+ would kill now.} Re8 25. Rc7 f6 26. Rb1 {White threatens Rbb7! and mate.} Kh8 $2 {[#]} (26... Rd2 27. Ba3 Ra2) 27. Rbb7 $1 Rg8 28. Be7 {Black must now prevent Bxf6!} Re8 29. Bd6 (29. Kf2 $142) 29... Rg8 $1 30. Kf2 h5 (30... Ra6 $142 31. Bc5 (31. Rxa7 Rxd6 32. g4 Rd5 $15) 31... Ra4 32. Bxa7 h5) 31. Rf7 e5 32. Bf8 Kh7 33. Bxg7 Kg6 34. Bxf6 Re8 35. Bh4 {[%csl Gh4][%cal Rf7f6]} Re6 36. Rxa7 {Accuracy: White = 76%, Black = 42%.} (36. Kf3 $142 Ra3+ 37. Ke4 Ra4+ {[#]} 38. Kd5 $1 {[%mdl 512]} Re7 39. Rbxe7 Ra5+ 40. Ke4 $1 {[%mdl 512]} Ra4+ 41. Kxe5) 1-0

[Event "1st Barreau de Paris 2019"]
[Site "Paris"]
[Date "2019.12.18"]
[Round "1.3"]
[White "Di Nicolantonio, Lucas"]
[Black "Maurizzi, Marc Andria"]
[Result "1/2-1/2"]
[WhiteElo "2408"]
[BlackElo "2404"]
[Annotator "TA"]
[PlyCount "124"]
[EventDate "2019.12.16"]
[EventType "tourn"]
[EventCountry "FRA"]
[SourceTitle "playchess.com"]
[Source "ChessBase"]
[SourceQuality "1"]

{[%evp 16,124,22,8,14,6,44,43,42,32,36,40,34,46,55,45,56,52,38,43,43,49,45,45,45,45,59,44,31,31,33,28,23,0,31,-10,-12,-10,38,47,44,29,69,27,51,51,58,52,58,47,57,13,13,13,13,19,16,0,0,0,-2,-10,-10,-15,-15,-13,-25,-18,-19,-22,0,0,18,0,20,0,0,0,0,0,54,0,0,0,0,0,0,0,0,0,0,0,0,0,0,0,0,0,0,0,0,0,0,0,0,0,0,0,0,0,0]} 1. e4 e6 2. d4 d5 3. Nc3 Nf6 4. e5 Nfd7 5. f4 c5 6. Nf3 Nc6 7. Be3 Be7 8. Qd2 O-O 9. dxc5 Qa5 $146 {C11: French: Classical System: 4 e5 and 4 Bg5 dxe4} (9... Nxc5 10. O-O-O a6 11. h4 Qc7 12. Bd3 Nb4 13. Kb1 Nbxd3 14. cxd3 Bd7 15. Rc1 Qb6 16. f5 Rfc8 17. Bg5 {1-0 (41) Shankland,S (2713)-Cori,J (2686) Biel 2019}) 10. O-O-O b6 11. Bb5 Nb4 {White is slightly better.} 12. a3 bxc5 {White should prevent ...Na2+.} 13. Kb1 ({Weaker is} 13. axb4 cxb4 14. Na4 Qxb5 $17) 13... Rb8 14. axb4 cxb4 15. Nxd5 $1 exd5 16. Bxd7 Bxd7 17. Qxd5 Qxd5 18. Rxd5 Bc6 19. Ra5 Rfc8 20. b3 Be4 21. Rc1 a6 22. Nd2 Bxg2 23. Rxa6 Rc3 24. Ra7 Bf8 25. Bd4 Rh3 26. Bg1 g6 27. Re1 Rd8 28. Re2 Bd5 29. Bb6 Rc8 30. Ra5 Be6 31. Ne4 Rf3 32. Nd6 Rc6 33. Rf2 Rxf2 34. Bxf2 Bxd6 35. exd6 Rxd6 $11 {[%mdl 4096] Endgame KRB-KRB} 36. Bc5 Rd2 37. Bxb4 Rxh2 38. Bc3 Kf8 39. Bf6 {[#] Ra8+ would kill now.} Ke8 40. Ra7 Bf5 41. Re7+ $1 Kf8 42. Rc7 Re2 43. Kb2 Re6 (43... Re4 {feels hotter.} 44. Ra7 h5 45. c4 Ke8 46. Bg5 f6) 44. Rc8+ Re8 45. Rxe8+ (45. Rc6 {is interesting.} Be4 46. Rd6 Re6 47. Rxe6 fxe6 48. c4) 45... Kxe8 {KB-KB} 46. c4 Kd7 47. Kc3 h5 (47... Ke6 $11 48. Bg5 h5) 48. Kd4 ({White should try} 48. Bh4 $14) 48... Ke6 {The position is equal.} 49. Bd8 f6 50. Ke3 Bc2 51. b4 Bb3 52. c5 Ba4 53. Kf3 Kf5 54. Kg3 g5 55. fxg5 fxg5 56. c6 h4+ 57. Kh2 Bxc6 58. Bb6 Kf4 59. Bd8 Kf5 60. Bb6 Bb7 61. Bc5 g4 62. Bf2 g3+ {Accuracy: White = 73%, Black = 68%.} 1/2-1/2

[Event "1st Barreau de Paris 2019"]
[Site "Paris"]
[Date "2019.12.18"]
[Round "1.4"]
[White "Sochacki, Wojtek"]
[Black "Loiseau, Quentin"]
[Result "1/2-1/2"]
[WhiteElo "2320"]
[BlackElo "2470"]
[Annotator "TA"]
[PlyCount "33"]
[EventDate "2019.12.16"]
[EventType "tourn"]
[EventCountry "FRA"]
[SourceTitle "playchess.com"]
[Source "ChessBase"]
[SourceQuality "1"]

{[%evp 15,33,12,25,15,25,27,27,24,12,19,14,25,22,15,45,41,54,49,43,35]} 1. d4 Nf6 2. c4 $146 ({Predecessor:} 2. Nf3 d5 3. c4 e6 4. Nc3 dxc4 5. e4 Bb4 {½-½ (74) Lysyj,I (2615)-Movsesian,S (2709) Rijeka 2010}) 2... e6 3. Nc3 Bb4 4. Nf3 d5 5. Bg5 dxc4 6. e4 h6 7. Bxf6 Qxf6 8. Bxc4 c5 9. O-O {And now Nb5 would win. D39: Queen's Gambit Declined: Ragozin Defence with 5 Bg5 dxc4} cxd4 10. Nb5 {[#] aiming for Nc7+.} Qe7 11. Qxd4 {White has an edge.} O-O 12. Nxa7 Bc5 13. Nxc8 Rxc8 14. Qd3 Nc6 15. Qe2 {White is slightly better.} Nd4 16. Nxd4 Bxd4 17. Rab1 1/2-1/2

[Event "1st Barreau de Paris 2019"]
[Site "Paris"]
[Date "2019.12.18"]
[Round "1.5"]
[White "Mouhamad, Joachim"]
[Black "Guliyev, Namig"]
[Result "1/2-1/2"]
[WhiteElo "2293"]
[BlackElo "2548"]
[Annotator "TA"]
[PlyCount "24"]
[EventDate "2019.12.16"]
[EventType "tourn"]
[EventCountry "FRA"]
[SourceTitle "playchess.com"]
[Source "ChessBase"]
[SourceQuality "1"]

{[%evp 9,24,0,0,0,9,0,12,14,7,16,21,13,18,8,16,15,47]} 1. d4 d5 2. Bf4 c5 3. e3 cxd4 4. exd4 Nc6 5. Nf3 Bf5 {The position is equal.} 6. c3 {B13: Caro-Kann: Exchange Variation and Panov-Botvinnik Attack} e6 7. Nbd2 (7. Qb3 Qd7 8. Nbd2 f6 9. Be2 g5 10. Bg3 h5 11. h4 g4 12. Ng1 Nh6 13. Bb5 {1-0 (60) Ni,H (2671)-Riazantsev,A (2650) Riadh 2017}) 7... Bd6 8. Bxd6 Qxd6 9. Nh4 Bg6 10. Nxg6 hxg6 11. Nf3 Nf6 12. Bd3 O-O $146 ({Predecessor:} 12... O-O-O 13. Qe2 {½-½ (48) Sirkova,D (2094)-Khurtsidze,N (2435) Plovdiv 2010}) 1/2-1/2

[Event "1st Barreau de Paris 2019"]
[Site "Paris"]
[Date "2019.12.18"]
[Round "2.1"]
[White "Fedorchuk, Sergey A."]
[Black "Mouhamad, Joachim"]
[Result "1-0"]
[WhiteElo "2636"]
[BlackElo "2293"]
[Annotator "TA"]
[PlyCount "139"]
[EventDate "2019.12.16"]
[EventType "tourn"]
[EventCountry "FRA"]
[SourceTitle "playchess.com"]
[Source "ChessBase"]
[SourceQuality "1"]

{[%evp 15,139,27,31,31,22,10,26,-7,10,-19,27,0,11,12,20,0,34,40,35,20,20,14,14,17,7,0,0,0,0,0,7,0,0,0,0,0,0,0,4,0,13,0,19,8,10,6,15,0,106,0,103,6,22,16,35,36,47,34,37,0,37,16,17,10,14,10,13,14,25,25,29,27,33,38,37,24,29,29,29,29,29,-22,20,0,0,-22,20,11,29,23,30,10,33,33,53,53,47,54,54,54,48,37,35,40,38,46,57,0,179,147,402,385,485,478,486,485,456,453,422,415,742,679,29974,29975,29975,29961]} 1. e4 e5 2. Nf3 Nf6 3. Nxe5 d6 4. Nf3 Nxe4 5. Nc3 Nxc3 6. dxc3 Be7 7. Be3 Nc6 8. Qd2 Be6 9. O-O-O {C42: Petroff Defence: 3 Nxe5 and unusual White 3rd moves} Qd7 ({Wrong is} 9... Bxa2 $2 10. b3 $16) 10. b3 (10. h4 h6 11. Nd4 Nxd4 12. Bxd4 Rg8 13. c4 c5 14. Bc3 O-O-O 15. Qe3 g5 16. hxg5 hxg5 {½-½ (71) Caruana,F (2819)-So,W (2754) Stavanger 2019}) 10... a6 11. Ng5 {White has an edge.} Bf5 $146 ({Predecessor:} 11... Bxg5 12. Bxg5 f6 13. Be3 O-O-O 14. h4 h5 15. Be2 Bg4 16. f3 Be6 {½-½ (51) Oleksienko,M (2600)-Taher,Y (2460) Changsha 2019}) 12. Qd5 Bg6 13. Bd3 Bxg5 14. Qxg5 O-O 15. Be2 Qf5 (15... Rae8 {with more complications.} 16. h4 Re5 17. Qf4 Be4 18. h5 Qe7) 16. Qxf5 Bxf5 17. c4 Rfe8 18. g4 Be4 19. Rhg1 a5 20. a3 b6 21. h4 Ne5 22. Rg3 Nd7 23. Re1 Bc6 24. Bd2 Re6 25. Bd1 Rxe1 26. Bxe1 Re8 27. Bd2 Nc5 28. f3 Re6 29. h5 Nd7 30. Rg1 Kf8 31. Bg5 Ne5 (31... f6 $11 {remains equal.} 32. Bd2 Kg8) 32. Rf1 (32. Bd8 $16) 32... Nd7 (32... f6 $11 {keeps the balance.} 33. Bd2 Re8) 33. Kd2 (33. Bd8 $16) 33... Ke8 34. Be2 Ne5 35. Be3 Kf8 36. Bd4 Re8 37. Be3 Kg8 38. h6 g6 39. Bd4 f6 40. f4 Nd7 41. b4 axb4 42. axb4 Kf7 43. Bd3 Bg2 44. Ra1 Ra8 45. Re1 Bf3 46. g5 c5 47. Bc3 f5 48. Bg7 (48. Ke3 $142 Bg2 49. Rg1) 48... Bc6 49. Kc3 Ra3+ 50. Kd2 Ra8 51. Rb1 Ra4 52. Bc3 Ra3 53. Rg1 Ra4 54. b5 Bb7 {[#]} 55. Bxf5 $1 {[%mdl 512]} gxf5 {[#]} 56. g6+ $1 {[%mdl 576] Double Attack} Kg8 $1 (56... hxg6 57. h7) 57. gxh7+ Kxh7 58. Rg7+ {[%mdl 64] Double Attack} Kxh6 {Strongly threatening ...Bc8.} 59. Rxd7 $14 {[%mdl 4160] Endgame Double Attack. KRB-KRB} Be4 $1 60. Rxd6+ Kh5 61. Rxb6 (61. Kc1 $14) 61... Kg4 $2 (61... Ra2 $1 $11 {and Black has nothing to worry.} 62. Bg7 Rxc2+ 63. Kd1 Rxc4) 62. Be5 Ra2 $2 {[%mdl 8192]} (62... Rxc4 $16 {keeps fighting.} 63. c3 Ra4) 63. Kc3 $18 Rxc2+ 64. Kb3 Rc1 65. Rc6 Rb1+ 66. Ka2 Rb4 67. Rxc5 Bd3 (67... Bc2 $142 68. Rc8 Kf3) 68. Ka3 Rxc4 69. Rxc4 Bxc4 70. Kb4 {Accuracy: White = 43%, Black = 48%.} 1-0

[Event "1st Barreau de Paris 2019"]
[Site "Paris"]
[Date "2019.12.18"]
[Round "2.2"]
[White "Guliyev, Namig"]
[Black "Lamard, Guillaume"]
[Result "1/2-1/2"]
[WhiteElo "2548"]
[BlackElo "2452"]
[Annotator "TA"]
[PlyCount "73"]
[EventDate "2019.12.16"]
[EventType "tourn"]
[EventCountry "FRA"]
[SourceTitle "playchess.com"]
[Source "ChessBase"]
[SourceQuality "1"]

{[%evp 27,73,13,12,16,16,4,8,0,0,0,17,20,14,25,23,27,27,0,0,0,0,0,0,0,0,0,8,-14,-10,-31,-38,-28,-26,-26,-29,-37,-35,-27,-38,-33,-37,-46,-39,-41,-28,-34,-20,-36]} 1. e4 c5 2. Nf3 d6 3. Bb5+ Bd7 4. Bxd7+ Qxd7 5. O-O Nc6 6. c3 Nf6 7. Qe2 e6 8. d4 cxd4 9. cxd4 d5 10. e5 Ne4 11. Be3 Be7 12. Ne1 f6 13. f3 Ng5 14. Nd3 O-O 15. Nd2 {B52: Sicilian: Moscow Variation with 3...Bd7} b6 {[#]} 16. Rae1 $146 ({Predecessor:} 16. Bf2 fxe5 17. dxe5 Nb4 18. Nxb4 Bxb4 19. Nb3 Rac8 20. Rac1 Qa4 21. Nd4 Bc5 22. Qb5 Qxa2 {0-1 (51) Rasulov,V (2514)-Zhigalko,S (2677) Baku 2014}) 16... Rac8 17. exf6 Bxf6 18. Ne5 Qe7 19. f4 {[#] Strongly threatening Nxc6.} Bxe5 20. dxe5 Nf7 21. Nf3 Nh6 22. h3 Nf5 {And now ...Ng3 would win.} 23. Bf2 Qb4 24. Ng5 Rce8 25. g3 $1 ({Don't play} 25. Qh5 h6 $17) 25... h6 26. Nf3 Rc8 27. Rd1 Qe4 28. Rfe1 (28. Rd2 {is more complex.} Qxe2 29. Rxe2 Nb4 30. a3 Nd3 31. Rd2) 28... Qxe2 29. Rxe2 {[#]} g5 $1 {[%mdl 512]} 30. fxg5 Nxg3 $1 31. Bxg3 {Kg2 is the strong threat.} Rxf3 32. Kg2 Rff8 33. gxh6 Ne7 34. Rd4 Kh7 {[%mdl 1024] Black has compensation.} 35. Rg4 {Hoping for Rg7+.} Nf5 36. Bf4 Rc4 37. b3 {Accuracy: White = 63%, Black = 77%.} 1/2-1/2

[Event "1st Barreau de Paris 2019"]
[Site "Paris"]
[Date "2019.12.18"]
[Round "2.3"]
[White "Rakotomaharo, Fy Antenaina"]
[Black "Sochacki, Wojtek"]
[Result "1-0"]
[WhiteElo "2438"]
[BlackElo "2320"]
[Annotator "TA"]
[PlyCount "71"]
[EventDate "2019.12.16"]
[EventType "tourn"]
[EventCountry "FRA"]
[SourceTitle "playchess.com"]
[Source "ChessBase"]
[SourceQuality "1"]

{[%evp 16,71,38,41,29,25,44,48,49,35,52,5,51,35,54,16,31,19,60,63,55,64,54,53,61,29,37,36,49,57,64,42,50,50,56,56,75,0,63,0,75,68,131,83,80,66,108,83,118,108,202,199,651,652,641,655,630,614]} 1. e4 e5 2. Nf3 Nc6 3. Bc4 Nf6 4. d3 Be7 5. O-O O-O 6. Re1 d6 7. a4 Be6 8. Nbd2 Qd7 9. c3 a6 {C55: Two Knights: 4 d3, 4 d4 exd4 5 e5 and Max Lange Attack} (9... h6 10. b4 a6 11. Qc2 Rfe8 12. Bxe6 Qxe6 13. Nb3 Bf8 14. h3 d5 15. Bb2 dxe4 16. dxe4 b6 17. b5 axb5 18. axb5 {1-0 (65) Ponomariov,R (2675)-Bu,X (2729) Hengshui 2019}) 10. Bxe6 fxe6 11. b4 Nh5 $146 {White is slightly better.} ({Predecessor:} 11... h6 12. Nc4 Qe8 13. Be3 Ng4 14. Bd2 d5 15. b5 axb5 16. axb5 Rxa1 17. Qxa1 dxc4 18. bxc6 Qh5 19. h3 Nxf2 {½-½ (19) Sgherri,M (2367)-Manduch,M (2371) ICCF email 2016}) 12. Nf1 Nf4 13. Ra2 Rf6 14. g3 Nh5 15. Ng5 Qe8 $1 16. d4 h6 {[#]} 17. Nxe6 $1 {[%mdl 576] Remove Defender, Decoy} Rxe6 18. d5 $1 {[%csl LRc6,LRe6][%mdl 64] Double Attack} Rf6 {Hoping for ...Nb8.} 19. dxc6 bxc6 20. Qb3+ Kh7 21. Ne3 Qd7 22. Qd1 Qe8 23. Nf5 Bf8 24. c4 Qf7 25. Ne3 Be7 26. Nf5 Bf8 $1 27. Ne3 (27. Rb2 $14) 27... Kh8 (27... Be7 $11 {remains equal.}) 28. Rc2 $36 {[%mdl 2048] White has the initiative.} Be7 (28... Re6 $14) 29. Nf5 Bf8 30. Bb2 Re8 31. Ne3 {[%cal Bf5e3,Be3g4,Bg4e5][%mdl 32]} Be7 32. c5 dxc5 (32... Rb8 $16 {was worth a try.}) 33. Ng4 $18 ({Stronger than} 33. Bxe5 Re6 $11) 33... Nf4 $2 (33... Rd8 34. Qc1 (34. Nxe5 Qe8 $18) 34... Re6) 34. gxf4 {White is clearly winning.} Rxf4 {Now ...Qg6 and Black clings on.} 35. Nxe5 {[%mdl 64] [#] Double Attack} Qe6 36. Qh5 {Accuracy: White = 57%, Black = 26%.} 1-0

[Event "1st Barreau de Paris 2019"]
[Site "Paris"]
[Date "2019.12.18"]
[Round "2.4"]
[White "Di Nicolantonio, Lucas"]
[Black "David, Alberto"]
[Result "0-1"]
[WhiteElo "2408"]
[BlackElo "2545"]
[Annotator "TA"]
[PlyCount "74"]
[EventDate "2019.12.16"]
[EventType "tourn"]
[EventCountry "FRA"]
[SourceTitle "playchess.com"]
[Source "ChessBase"]
[SourceQuality "1"]

{[%evp 9,73,-31,15,0,0,16,23,-32,-32,-26,34,33,55,55,47,55,56,32,29,29,18,-11,0,-12,-12,-18,-8,-45,-55,-53,-45,-57,-28,-63,-33,-44,0,0,0,0,0,-14,-21,-22,-16,-32,-23,-31,0,-22,10,48,0,-52,-43,-87,-91,-87,-81,-94,-88,-895,-129,-145,-152,-29999]} 1. e4 c6 2. d4 d5 3. f3 e6 4. Nc3 Bb4 5. a3 Ba5 (5... Bxc3+ $5 6. bxc3 dxe4 $11) 6. Be3 {B12: Caro-Kann: Advance Variation} Ne7 7. Qd2 $146 ({Predecessor:} 7. Bd3 e5 8. b4 Bb6 9. Nge2 dxe4 10. Nxe4 exd4 11. Bg5 O-O 12. Bc4 Nd7 13. Nxd4 {½-½ (65) Savchenko,B (2599)-Riazantsev,A (2684) Rostov on Don 2014}) 7... O-O 8. b4 (8. h4 $11) 8... Bc7 $15 9. e5 c5 (9... Nf5 $11) 10. bxc5 $14 {[%cal Bb4c5,Bc5c6][%mdl 32]} Ba5 11. Bd3 Nd7 12. Nge2 b6 13. c6 Nb8 14. O-O Ba6 15. Bg5 Bxd3 16. Qxd3 Bxc3 17. Qxc3 {[#] aiming for c7.} Nbxc6 18. Bxe7 Nxe7 19. f4 Rc8 20. Qd2 Qd7 21. c3 Rc7 22. Rf3 Qa4 23. g4 f5 24. exf6 Rxf6 25. Kh1 Nc8 {[%cal Be7c8,Bc8d6,Bd6b5][%mdl 32]} 26. Ng3 Nd6 27. Qe2 Qd7 28. Re1 Nb5 29. Qd2 Nxa3 30. f5 {Nh5 is the strong threat.} Nc4 $36 {[%mdl 2048] Black is pushing.} 31. Qe2 ({Better is} 31. Qf2 $11 exf5 32. Nxf5) 31... exf5 $15 32. Nxf5 {Threatens to win with Nh6+!} Nd6 33. Nxd6 Qxd6 34. Qe8+ Rf8 {Strongly threatening ...Rcf7!} 35. Re5 $2 {[%mdl 8192] [#]} (35. Re6 $17) 35... h6 $2 (35... Rcf7 $1 $19 {[%mdl 512] and Black stays clearly on top.} 36. Rfe3 (36. Rxf7 Rxe8) 36... Rxe8 37. Rxe8+ Rf8) 36. Rxf8+ Qxf8 37. Qg6 $2 (37. Qe6+ $17 Qf7 38. Qxd5) 37... Qf1# {Accuracy: White = 43%, Black = 46%.} 0-1

[Event "1st Barreau de Paris 2019"]
[Site "Paris"]
[Date "2019.12.18"]
[Round "2.5"]
[White "Maurizzi, Marc Andria"]
[Black "Loiseau, Quentin"]
[Result "1-0"]
[WhiteElo "2404"]
[BlackElo "2470"]
[Annotator "TA"]
[PlyCount "79"]
[EventDate "2019.12.16"]
[EventType "tourn"]
[EventCountry "FRA"]
[SourceTitle "playchess.com"]
[Source "ChessBase"]
[SourceQuality "1"]

{[%evp 9,79,24,29,0,0,1,22,0,7,0,0,0,13,16,24,0,8,0,0,0,-15,-84,-39,-57,-50,-31,-41,-28,0,0,52,43,49,49,59,55,97,36,66,35,110,110,109,119,108,118,105,100,231,234,263,172,170,129,200,194,219,179,203,217,214,187,429,437,446,422,436,370,575,571,29985,29985]} 1. e4 c5 2. Nf3 d6 3. d4 cxd4 4. Nxd4 Nf6 5. Nc3 a6 6. h4 {B90: Sicilian Najdorf: Unusual White 6th moves, 6 Be3 Ng4 and 6 Be3 e5} (6. g3 e5 7. Nde2 Be7 8. Bg2 O-O 9. O-O b5 10. Nd5 Nxd5 11. Qxd5 Ra7 12. Be3 Rb7 13. Qd2 Nd7 14. Nc3 Nf6 15. Bg5 Be6 16. Bxf6 Bxf6 17. Nd5 Bg5 {½-½ (43) Vitiugov,N (2732)-Yu,Y (2763) Khanty-Mansiysk 2019}) 6... e5 7. Nb3 Be6 8. Bg5 {The position is equal.} Be7 9. Bxf6 Bxf6 10. g3 Nc6 $146 ({Predecessor:} 10... O-O 11. Qd2 Nc6 12. Nd5 {0-1 (37) Moussard,J (2576)-Ziska,H (2533) Le Blanc Mesnil 2019}) 11. Nd5 Rc8 12. Qd2 O-O 13. O-O-O a5 14. Nc3 Nb4 {aiming for ...a4!} 15. Kb1 {[#]} (15. Qxd6 $11 {keeps the balance.} Qxd6 16. Rxd6) 15... d5 $1 {[%mdl 512]} 16. exd5 (16. Nxd5 Bxd5) 16... Bf5 17. Bd3 Bxd3 18. cxd3 a4 19. Nxa4 Nxd5 (19... Nxa2 $11 20. Kxa2 Ra8) 20. Rc1 Ra8 21. Nc3 Nb4 22. Rhd1 Be7 23. Qe3 ({Better is} 23. a3 $16 Nd5 24. d4) 23... Qd6 $14 24. a3 Nd5 (24... Qe6 $1 $14 25. Nd2 (25. axb4 Qxb3 26. Qe4 Rfc8 $15) 25... Nc6) 25. Nxd5 $16 Qxd5 26. d4 e4 27. Nc5 f5 28. f3 {[%cal Rf3e4]} b6 (28... Rae8 $16 {was worth a try.}) 29. fxe4 $18 Qf7 30. Nb3 fxe4 31. d5 Bd6 (31... Qf3 $16 {was called for.} 32. Re1 (32. Qxb6 Bf6 $16) 32... Bd6) 32. Qxe4 Rae8 33. Qd3 Qf2 34. Nd4 Re3 35. Qc2 Rxg3 $2 {[#]} (35... Qxc2+ 36. Rxc2 Bxg3) 36. Ne6 Qxc2+ 37. Rxc2 ({Less strong is} 37. Kxc2 Rg2+ 38. Rd2 Rxd2+ 39. Kxd2 Rf5 $14) 37... Re8 38. Rc6 Be5 (38... Bf8 {keeps fighting.} 39. Rxb6 Rh3) 39. d6 Rb3 40. d7 {Accuracy: White = 55%, Black = 32%.} 1-0